Online Catalogue and eLibrary

Maraittalin alagu (Record no. 3947)

MARC details
000 -LEADER
fixed length control field 00371nam a2200145Ia 4500
005 - DATE AND TIME OF LATEST TRANSACTION
control field 20250319021849.0
008 - FIXED-LENGTH DATA ELEMENTS--GENERAL INFORMATION
fixed length control field 240331s9999 xx 000 0 und d
082 ## - DDC Classification
Item Number - Author Mark NAS
Class No. 894
100 ## - MAIN ENTRY--PERSONAL NAME
Personal name Naseerudeen, S
245 #0 - TITLE STATEMENT
Title Maraittalin alagu
260 ## - PUBLICATION, DISTRIBUTION, ETC.
Place of publication, distribution, etc. Colombo
Name of publisher, distributor, etc. Moontravathu Manithan Publication
Date of publication, distribution, etc. 2002
300 ## - PHYSICAL DESCRIPTION
Extent (e.g. Volumes, Pages etc.) V, 91 p .,
650 ## - SUBJECT ADDED ENTRY--TOPICAL TERM
Topical term or geographic name entry element Sirugathai thokuthi
942 ## - Koha item type (Biblio)
Koha item type Books in Stacks (Lending)
Holdings
Lost status Damaged status Collection code Home library Current library Shelving location Date acquired Full call number Accession Number Item type
    Lending WERC Library WERC Library Social Science Cupboard 03/31/2024 894.811 NAS 5930 Books in Stacks (Lending)

© WERC Library